Giáo trình luật hình sự 2
Giáo trình trình bày thế nào trách nhiệm hình sự và hình phạt. Hệ thống hình phạt và các biện pháp tư pháp. Quyết định hình phạt,....
Đã lưu trong:
| 主要作者: | |
|---|---|
| 格式: | 圖書 |
| 語言: | Undetermined |
| 出版: |
Cần Thơ
Trường Đại học Cần Thơ
2008
|
| 主題: | |
| 標簽: |
添加標簽
沒有標簽, 成為第一個標記此記錄!
|
| Thư viện lưu trữ: | Trung tâm Học liệu Trường Đại học Cần Thơ |
|---|
| LEADER | 00794nam a2200205Ia 4500 | ||
|---|---|---|---|
| 001 | CTU_143160 | ||
| 008 | 210402s9999 xx 000 0 und d | ||
| 082 | |a 345.597 | ||
| 082 | |b B205/T.2 | ||
| 100 | |a Phạm, Văn Beo | ||
| 245 | 0 | |a Giáo trình luật hình sự 2 | |
| 245 | 0 | |c Phạm Văn Beo | |
| 260 | |a Cần Thơ | ||
| 260 | |b Trường Đại học Cần Thơ | ||
| 260 | |c 2008 | ||
| 520 | |a Giáo trình trình bày thế nào trách nhiệm hình sự và hình phạt. Hệ thống hình phạt và các biện pháp tư pháp. Quyết định hình phạt,.... | ||
| 650 | |a Criminal law,Luật hình sự | ||
| 650 | |z Vietnam,Việt Nam | ||
| 904 | |i Năm | ||
| 980 | |a Trung tâm Học liệu Trường Đại học Cần Thơ | ||